|
|
|
|
| LEADER |
01241nam a2200289 a 4500 |
| 001 |
GR-Antirio754 |
| 008 |
090513s20022005gr 000 0 gre d |
| 020 |
|
|
|a 0596006705
|
| 040 |
|
|
|a GrPaTEI
|b gre
|c GR-PaULI
|
| 040 |
|
|
|a GrPaTEI
|b gre
|c GR-PaULI
|
| 040 |
|
|
|a GrPaTEI
|b gre
|c GR-PaULI
|
| 082 |
|
0 |
|a 005.8
|2 22
|
| 100 |
0 |
|
|a Bauer, Michael D.
|
| 245 |
1 |
0 |
|a Linux server security /
|c Bauer, Michael D.
|
| 250 |
|
|
|a 2nd ed.
|
| 260 |
|
|
|a Beijing , Cambridge :
|b O' Reilly,
|c c 2005
|
| 300 |
|
|
|a xvii. , 522 σ. :
|b εικ. ;
|c 24 εκ.
|
| 500 |
|
|
|a Περιλαμβάνει ευρετήριο.
|
| 650 |
|
0 |
|a CLIENT / SERVER COMPUTING
|
| 650 |
|
0 |
|a Linux
|
| 650 |
1 |
0 |
|a WEB SERVERS
|
| 653 |
|
|
|a COMPUTER NETWORKS--SECURITY MEASURES
|
| 942 |
|
|
|2 ddc
|
| 952 |
|
|
|0 0
|1 0
|2 ddc
|4 0
|6 005_800000000000000_BAU
|7 0
|9 262138
|a LISK-2
|b LISK-2
|c BSC
|d 2021-01-17
|e 24
|f 0
|g 0.00
|l 0
|o 005.8 BAU
|p 2430000007165
|r 2021-01-17 00:00:00
|t 1
|w 2021-01-17
|y BK15
|x 20090513 0 1
|x GrPaTEI - Antirrio
|
| 952 |
|
|
|0 0
|1 0
|2 ddc
|4 0
|6 005_800000000000000_BAU
|7 0
|9 262139
|a LISK-2
|b LISK-2
|c BSC
|d 2021-01-17
|e 24
|f 0
|g 0.00
|l 0
|o 005.8 BAU
|p 2430000007169
|r 2021-01-17 00:00:00
|t 1
|w 2021-01-17
|y BK15
|x 20090513 0 1
|x GrPaTEI - Antirrio
|
| 971 |
|
|
|a .b25705532
|b 01-10-20
|c 12-09-16
|
| 999 |
|
|
|c 151189
|d 151189
|